Towards Organizational Fitness (Record no. 85132)

MARC details
000 -LEADER
fixed length control field 00782nam a22002657a 4500
003 - CONTROL NUMBER IDENTIFIER
control field URS
005 - DATE AND TIME OF LATEST TRANSACTION
control field 20250828100518.0
008 - FIXED-LENGTH DATA ELEMENTS--GENERAL INFORMATION
fixed length control field 250317b ||||| |||| 00| 0 eng d
020 ## - INTERNATIONAL STANDARD BOOK NUMBER
International Standard Book Number 9781472422620
040 ## - CATALOGING SOURCE
Transcribing agency URS
050 ## - LIBRARY OF CONGRESS CALL NUMBER
Classification number HD58.8
Item number .R348 2014
100 ## - MAIN ENTRY--PERSONAL NAME
9 (RLIN) 11262
Personal name Randell, Gerry
245 ## - TITLE STATEMENT
Title Towards Organizational Fitness
Remainder of title A Guide to Diagnosis and Treatment
264 ## - PRODUCTION, PUBLICATION, DISTRIBUTION, MANUFACTURE, AND COPYRIGHT NOTICE
Place of production, publication, distribution, manufacture England
Name of producer, publisher, distributor, manufacturer Gower Publishing
Date of production, publication, distribution, manufacture, or copyright notice ©2014
300 ## - PHYSICAL DESCRIPTION
Extent 160 pages.,:
Dimensions 25 cm.
336 ## - CONTENT TYPE
Source rdacontent
Content type term text
337 ## - MEDIA TYPE
Source rdamedia
Media type term unmediated
338 ## - CARRIER TYPE
Source rdacarrier
Carrier type term volume
650 #0 - SUBJECT ADDED ENTRY--TOPICAL TERM
9 (RLIN) 4240
Topical term or geographic name entry element Organizational change
650 #0 - SUBJECT ADDED ENTRY--TOPICAL TERM
9 (RLIN) 1074
Topical term or geographic name entry element Problem solving
650 #0 - SUBJECT ADDED ENTRY--TOPICAL TERM
9 (RLIN) 1361
Topical term or geographic name entry element Corporate culture
650 #0 - SUBJECT ADDED ENTRY--TOPICAL TERM
9 (RLIN) 11263
Topical term or geographic name entry element Organizational
General subdivision Evaluation
700 ## - ADDED ENTRY--PERSONAL NAME
9 (RLIN) 11264
Personal name Toplis, John
942 ## - ADDED ENTRY ELEMENTS (KOHA)
Source of classification or shelving scheme Library of Congress Classification
Koha item type Reserved Books
Holdings
Withdrawn status Source of classification or shelving scheme Damaged status Not for loan Collection code Home library Current library Date acquired Total Checkouts Full call number Barcode Date last seen Price effective from Koha item type
  Library of Congress Classification     Non-fiction Morong Graduate Library Morong Graduate Library 03/17/2025   HD58.8 .R348 2014 URSMOR-GL-5795 03/17/2025 03/17/2025 Reserved Books

University of Rizal System
Email us at univlibservices@urs.edu.ph

Visit our Website www.urs.edu.ph/library